header

Limiting arbitrary power (Record no. 105493)

MARC details
000 -LEADER
fixed length control field 01404nam a2200349 a 4500
100 1# - MAIN ENTRY--AUTHOR NAME
Personal name Ribeiro, Marc,
245 10 - TITLE STATEMENT
Title Limiting arbitrary power
260 ## - PUBLICATION, DISTRIBUTION, ETC. (IMPRINT)
Place of publication Vancouver :
Name of publisher UBC Press,
Year of publication c2004.
300 ## - PHYSICAL DESCRIPTION
Number of Pages x, 203 p.
650 #0 - SUBJECT ADDED ENTRY--TOPICAL TERM
Topical Term Legal certainty.
Topical Term Rule of law
Topical Term Judicial review
Topical Term Constitutional law
Topical Term Law
856 40 - ELECTRONIC LOCATION AND ACCESS
Uniform Resource Identifier http://site.ebrary.com/lib/rucke/Doc?id=10113881

No items available.

© 2026 Rongo University
Contact us: librarian | system librarian | Rongo university